000 00854nam a22001937a 4500
008 130225t xxu||||| |||| 00| 0 eng d
020 _a9-7814-0571-8813
082 _222 ed.
_a348.42
_bALL
100 _aEdited by Herring, Wendy
_96935
245 _aThe All England Law Reports :
_bconsolidated Index, 1936-2011 Vol. 2, subject inde A-H /
_cEdited by Wendy Herring
260 _aUK :
_b LexisNexis
_c2011
300 _a1351 P. ;
_c24 cm.
650 _aIndex and tables
_96939
650 _aconsolidated Index, Vol. 2 A-H
_96940
650 _aThe All England Law Reports
_96937
650 _aThe All England Law Reports : consolidated Index, 1936-2011 Vol. 1, 2 and 3
_96938
942 _2ddc
_cLRT
999 _c5278
_d5278